| 000 | 00672nam a2200205 a 4500 | ||
|---|---|---|---|
| 005 | 20191224041625.0 | ||
| 008 | 140304s1997 ck o gr|||| 000 0 spa d | ||
| 040 |
_aCO-BoIAVH _cCO-BoIAVH |
||
| 041 | 0 | _aspa | |
| 044 | _ack | ||
| 082 | 0 | 4 |
_a355.62132 _bC82i |
| 110 | 2 | _bCorporación Autónoma Regional del Centro de Antioquia | |
| 245 | 1 | 0 | _aInventario y caracterización de los ojos de aguasal en el centro de Antioquia |
| 260 |
_aMedellín _bCORANTIOQUIA _c1997 |
||
| 300 |
_a32 páginas : _bFotografías ; _c28 x 22 cm. |
||
| 650 | 6 | _aEcosistemas acuáticos | |
| 650 | 6 | _aFuentes salinas | |
| 662 |
_aColombia _bAntioquia |
||
| 942 |
_cLIBRO _2ddc |
||
| 999 |
_c2153 _d2153 |
||